| 000 | 00599nam a22002057a 4500 | ||
|---|---|---|---|
| 003 | LK-CoMWRAF | ||
| 005 | 20231215154446.0 | ||
| 008 | 231027b1987 |||||||| |||| 00| 0 eng d | ||
| 020 | _a1870634012 | ||
| 040 |
_aLK-CoMWRAF _dLK-CoMWRAF _eLK-CoMWRAF |
||
| 041 | _aeng | ||
| 082 |
_a923 _bTHA |
||
| 100 | _aThawfeeq, M. M. | ||
| 245 | _aMemories of a physician politician Dr. M.C.M.Kaleel | ||
| 260 |
_aSouth Croydon: _bMarina Academy and Supplies International, _c1986 |
||
| 300 | _a xv,191p. : ill., ; 21cm. | ||
| 650 | _aPOLITICIANS-Biographies | ||
| 650 | _aPolitics-Sri Lanka | ||
| 942 | _cBK | ||
| 999 |
_c4017 _d4017 |
||